00365nam a2200145Ia 4500008004100000020001800041041000800059082001500067100001600082245006300098260001800161300000800179365001600187700001600203230718s9999 xx 000 0 und d a9780241953655 aeng a650.1bKAW aKawasaki G. aEnchantmentbThe Art Of Changing Hearts, Minds And Actions c2011bPenguin a211 cRs.b450.00 aKawasaki G.